000
00289nam a22001217a 4500
008
170127b xxu||||| |||| 00| 0 eng d
041
_a
eng
080
_2
2ND
_a
61
100
_a
3
101
_a
SHM
245
_a
HANDBOOK OF THE MANAGEMENT OF LIPID DISORDERS
_c
MCKENNEY, J,M
942
_2
udc
_c
BK
999
_c
3914
_d
3914